kpop idol - Statistiques

Statistiques générales
  • Ce quiz a été pris 1 972 fois
  • Le résultat moyen est 66 sur 154
Statistiques - réponses
Hint Réponse % Correct
j
98%
SEVENTEEN jun
93%
taehyung / V
92%
jimin
91%
BTS jungkook
90%
rm
90%
jin
89%
suga
89%
jhope
88%
san
88%
han
83%
felix
81%
SKZ bangchan
80%
i.n
79%
chan
78%
changbin
76%
hyunjin
76%
lee know
74%
jay
72%
niki
71%
win
71%
seungmin
70%
jake
69%
AESPA karina
68%
ITZY yeji
68%
yeonjun
68%
soobin
67%
winter
66%
lia
65%
momo
65%
hwasa
64%
LESSERAFIM sakura
64%
giselle
63%
sunoo
63%
ENHYPEN heeseung
62%
ningning
62%
yuna
62%
chaewon
61%
mingi
61%
sana
61%
ATEEZ wooyoung
61%
nayeon
60%
ryujin
60%
TXT Taehyun
60%
beomgyu
59%
sunghoon
58%
yunjin
58%
danielle
57%
kazuha
57%
jungwon
56%
eunchae
55%
hoshi
55%
huening kai
55%
jongho
55%
mina
55%
wonyoung
55%
lily
53%
seonghwa
53%
the8
53%
jihyo
52%
MAMAMOO solar
52%
mark
51%
woozi
51%
yeosang
51%
dino
50%
mingyu
50%
scoups
50%
TWICE tzuyu
50%
hongjoong
49%
vernon
49%
yujin
49%
chaeryeong
48%
liz
48%
dahyun
47%
dk
47%
hanni
47%
joshua
45%
NEW JEANS minji
44%
SHINee taemin
44%
chaeyoung
43%
rei
42%
gaeul
40%
minho
40%
wonwoo
40%
haerin
39%
hyein
39%
seungkwan
39%
jeonghan
38%
jeongyeon
38%
IVE leeseo
38%
key
36%
taeyong
36%
bae
33%
johnny
33%
wheein
33%
NMIXX haewon
30%
taeil
30%
yuta
30%
haechan
29%
NCT127 jaehyun
29%
jungwoo
29%
sullyoon
28%
yuhno
28%
jiwoo
27%
kyujin
27%
doyoung
26%
onew
25%
jinni
23%
winwin
23%
yoon
22%
bahiyyih
20%
xiaoting
18%
dami
17%
hikaru
17%
isa
17%
sieun
17%
seeun
16%
mashiro
13%
sua
13%
STAYC sumin
13%
dayeon
12%
chaehyun
10%
jiu
10%
yeseo
10%
MCND bic
9%
castle j
9%
siyeon
9%
DREAMCATCHER gahyeon
8%
handong
8%
youngeun
8%
jongyun
7%
yoohyeon
7%
minjae
6%
A.C.E wow
6%
huijun
5%
CLASS.Y boeun
3%
byeongkwan
3%
moonyul
3%
bora
2%
donghun
2%
CHERRYBULLET jiwon
2%
may
2%
riwon
2%
chaerin
1%
haeyoon
1%
hyeju
1%
hyungseo
1%
remi
1%
seonyou
1%
yuju
1%
Aucun quiz correspondant
Distribution des résultats
% des personnes avec chaque résultat
Percentile par nombre de réponses
Votre historique - résultats
Vous n’avez pas pris ce quiz